000 00961cam a2200301 i 4500
001 bg
003 KOSZ 005
005 20200630132816.0
008 080209s1964 pl a f f 000 0 pol
015 _aPB 1965/380
040 _aWA N
_cKOSZ 005/HR
_dKOSZ 005/HR
080 _a624.011.1
080 _a694
080 _a(075.8)
100 1 _aGołębiowski, Zygmunt
_eAutor
245 1 0 _aKonstrukcje drewniane /
_cZygmunt Gołębiowski.
250 _aWyd. 4.
260 _aPoznań :
_bPaństwowe Wydawnictwo Naukowe,
_c1964.
300 _a177 s. :
_bil. ;
_c24 cm.
380 _aKsiążki
504 _aBibliogr. s. [174]-175.
521 8 _aSkrypt dla studentów politechnik.
655 4 _aPodręczniki akademickie
650 4 _aKonstrukcje drewniane
710 2 _aPaństwowe Wydawnictwo Naukowe
_4pbl.
856 _uhttp://koha.tu.koszalin.pl/cgi-bin/koha/opac-detail.pl?biblionumber=7319
_yKatalog online BPK
942 _2UKD
_cKS
999 _c7319
_d7319